Central Library OPAC University of Rajshahi

Idylls of the king / (Record no. 77501)

MARC details
000 -LEADER
fixed length control field 00760nam a2200253 a 4500
001 - CONTROL NUMBER
control field 77501
003 - CONTROL NUMBER IDENTIFIER
rucl marc code BD-RjUL
005 - DATE AND TIME OF LATEST TRANSACTION
control field 20211209082958.0
008 - FIXED-LENGTH DATA ELEMENTS--GENERAL INFORMATION
fixed length control field 201004r19221904enk b 000 0 eng d
035 ## - SYSTEM CONTROL NUMBER
System control number (BD-RjUL)77726
040 ## - CATALOGING SOURCE
Original cataloging agency BD-RjUL
Language of cataloging eng
Transcribing agency BD-RjUL
041 ## - LANGUAGE CODE
Language code of text/sound track or separate title eng
082 ## - DEWEY DECIMAL CLASSIFICATION NUMBER
Edition number 23
Classification number 821.8
Author mark and year TEI 1922
100 1# - MAIN ENTRY--PERSONAL NAME
Personal name Tennyson, Alfred Tennyson,
Dates associated with a name 1809-1892.
9 (RLIN) 241732
245 10 - TITLE STATEMENT
Title Idylls of the king /
Statement of responsibility, etc. by Alfred Lord Tennyson
260 ## - PUBLICATION, DISTRIBUTION, ETC. (IMPRINT)
Place of publication, distribution, etc. London :
Name of publisher, distributor, etc. Macmillan,
Date of publication, distribution, etc. 1904, [reprinted 1922]
300 ## - PHYSICAL DESCRIPTION
Pagination 421 p. ;
Size 17 cm.
490 1# - SERIES STATEMENT
Series statement Golden treasury series
650 ## - SUBJECT ADDED ENTRY--TOPICAL TERM
Topical term or geographic name as entry element Arthurian romances
9 (RLIN) 241733
Topical term or geographic name as entry element Kings and rulers
9 (RLIN) 241734
Topical term or geographic name as entry element English poetry
9 (RLIN) 241735
830 #0 - SERIES ADDED ENTRY--UNIFORM TITLE
Uniform title Golden treasury series
942 ## - ADDED ENTRY ELEMENTS (KOHA)
Source of classification or shelving scheme Dewey Decimal Classification
Koha item type Books
Holdings
Lost status Source of classification or shelving scheme Damaged status Not for loan Collection code Permanent Location Current Location Shelving location Date acquired Source of acquisition Total Checkouts Full call number Date last seen Copy number Koha item type
  Dewey Decimal Classification   Not For Loan Non-fiction Central Library, University of Rajshahi Central Library, University of Rajshahi Reading Room 13/02/1957 Puthia Raj. Estate   821.8 TEI 1922 04/10/2020 C-1 Books